Το επαναστατικό πρόβλημα σήμερα
Αποθηκεύτηκε σε:
| Κύριος συγγραφέας: | |
|---|---|
| Μορφή: | Βιβλίο |
| Γλώσσα: | Greek |
| Δημοσίευση: |
Αθήνα :
Ύψιλον / Βιβλία,
1984.
|
| Θέματα: | |
| Ετικέτες: |
Προσθήκη ετικέτας
Δεν υπάρχουν, Καταχωρήστε ετικέτα πρώτοι!
|
MARC
| LEADER | 00000cam a2200000 i 4500 | ||
|---|---|---|---|
| 001 | 1/54455 | ||
| 008 | 941103s1984 gr | ||| |||| ||gre|| | ||
| 035 | |a 1994 |c ΒΙΒΛΙΟΘΗΚΗ |l 10045001 | ||
| 040 | |a GR-MY-UA |b gre |e aacr | ||
| 041 | 0 | |a gre | |
| 082 | 7 | |a 320 |2 (22) | |
| 082 | 7 | |a 335 |2 (23) | |
| 100 | 1 | |a Castoriadis, Cornelius, |d 1922-1997. | |
| 245 | 1 | 3 | |a Το επαναστατικό πρόβλημα σήμερα / |c Κορνήλιος Καστοριάδης. |
| 260 | |a Αθήνα : |b Ύψιλον / Βιβλία, |c 1984. | ||
| 300 | |a 117 σ. ; |c 21 εκ. | ||
| 500 | |a Το αντίτυπο της Ρόδου είναι δεμένο με: Λυρικά αφιερώματα / Ραμπιντράναθ Ταγκόρ. - Εισαγωγή στη "φαινομενολογία" του πνεύματος / Friedrich Hegel. - Πλάτων - Πλωτίνος - Ωριγένης / Ι. Ν. Θεοδωρακόπουλου. | ||
| 650 | 0 | |a Socialism. | |
| 650 | 0 | |a Revolutions. | |
| 852 | |a INST |b LESVOS |e 19950206 |h 320 ΚΑΣ |p 005100015536 |q 005100015536 |t BK |y 0 | ||
| 852 | |a INST |b RHODES |c KRI |e 20050722 |h 320 ΚΑΣ |p 005400022815 |q 005400022815 |t BK |y 0 | ||
| 852 | |a INST |b SAMOS |e 19941103 |h 320 ΚΑΣ |p 005300006545 |q 005300006545 |t BK |y 0 | ||
| 852 | |a INST |b SYROS |e 20210615 |h 335 CAS |p 005500014194 |q 005500014194 |t BK |y 0 | ||
| 901 | |a BIBL4-2005-2 | ||
| 922 | |a 1ΕΛΗ |b 198807 |c ΠΠ/8114 | ||
| 970 | |a ΚΟΖΑ |b ΜΑΡΙΑ |z 2005/07/22 | ||